Представление документа в формате RUSMARC

ПолеНазваниеЗначение
  Тип записи a
  Библиографический уровень m
001 Контрольный номер SKBR/94c37fc9-be37-47c8-9db1-6302b7473061
005 Дата корректировки 20260624142759.2
010 Индекс ISBN __
a ISBN 978-5-17-163308-0
010 Индекс ISBN __
a ISBN 978-5-17-163307-3
9 Тираж 1500 экз.
d Цена 453-07
035 Другие системные номера __
a Идентификатор записи RU\NLR\BIBL_A\022395042
100 Данные общей обработки __
a Данные общей обработки 20241128d2024 daey0rusa028902 ca
101 Язык документа 0_
a Язык текста rus
102 Страна публикации __
a Страна публикации RU
105 Кодированные данные (монография) __
a Кодированные данные (монография) a z 000yy
181 Поле кодированных данных: вид содержания _0
a Код вида содержания (ISBD) i
182 Поле кодированных данных: тип средства _0
a Код типа средства (ISBD) n
200 Заглавие и сведения об ответственности 1_
a Заглавие Роботы: эволюция
e Сведения, относящиеся к заглавию от создания до массового распространения
e Сведения, относящиеся к заглавию [технический прогресс наглядно
f Первые сведения об ответственности ответственный редактор: Ананьева А.]
203 Вид содержания и тип средства __
a Вид содержания Текст
c Тип средства непосредственный
210 Выходные данные 1_
a Место издания Москва
c Издательство АСТ
d Дата издания 2024
215 Физическое описание __
a Объем 125, [1] с.
c Иллюстрации/тип воспроизводства ил.
d Формат 17 см
225 Серия 1_
a Серия Серия "Четко и по делу"
225 Серия 2_
a Серия Серия "Коротко и ясно"
330 Аннотация __
a Аннотация "Роботы" - это увлекательная книга, которая рассказывает о истории развития роботов простым и интересным языком, не боится ярких примеров и запоминающихся аналогий. Она погрузит вас в мир роботехники и продемонстрирует, как машины превратились из простой механической техники в сложные, автономные устройства, способные выполнять разнообразные задачи и преображать нашу жизнь. Как пьеса-антиутопия обозначила главные направления робототехники? Как родился первый робот и как ему удалось проникнуть в каждый дом? Какой культурный след робототехника оставляет в литературе и кинематографе и как наши электронные помощники будут выглядеть в будущем? Обо всем этом вы можете прочитать в главах нашей мини-энциклопедии и открыть для себя новые горизонты для восприятия технологического прогресса и влияния машин на человечество.
333 Примечание о целевом назначении __
a Примечание о целевом назначении 12+. Для детей старше 12 лет
517 Другие варианты заглавия 1_
a Другие варианты заглавия Четко и по делу
517 Другие варианты заглавия 1_
a Другие варианты заглавия Коротко и ясно
540 Дополнительное заглавие, сделанное каталогизатором 10
a Дополнительное заглавие, сделанное каталогизатором Технический прогресс наглядно
540 Дополнительное заглавие, сделанное каталогизатором 10
a Дополнительное заглавие, сделанное каталогизатором От создания до массового распространения роботов
606 Тематические рубрики __
a Основная рубрика Радиоэлектроника
2 Код системы nlr_sh
606 Тематические рубрики __
2 Код системы nlr_sh
a Основная рубрика Искусственный интеллект. Экспертные системы
610 Ключевые слова 0_
a Ключевые слова роботы
610 Ключевые слова 0_
a Ключевые слова технологии будущего
610 Ключевые слова 0_
a Ключевые слова робототехника
610 Ключевые слова 0_
a Ключевые слова роботизация
610 Ключевые слова 0_
a Ключевые слова новаторство
610 Ключевые слова 0_
a Ключевые слова инновационные технологии
610 Ключевые слова 0_
a Ключевые слова будущее и технологии
610 Ключевые слова 0_
a Ключевые слова эволюция роботов
610 Ключевые слова 0_
a Ключевые слова технический прогресс
686 Индексы других классификаций __
a Классификационный индекс 32.816; ст32.816
2 Код системы rubbks
702 Вторичная интеллектуальная ответственность _1
a Фамилия Ананьева
b Имя А.
4 Код отношения 340
801 Источник записи _0
a Страна RU
b Организация NLR
c Дата составления 20241128
g Правила каталогизации PSBO
801 Источник записи _1
a Страна RU
b Организация NLR
c Дата составления 20241128
g Правила каталогизации PSBO
801 Источник записи _2
a Страна RU
b Организация NLR
c Дата составления 20250501
2 Код формата rusmarc
g Правила каталогизации PSBO
852 Данные о местонахождении __
i Авторский знак Р 58
j Шифр хранения 32.816
900 Макрообъекты __
a Макрообъекты Роботы., 2024
901 Тип документа __
a Ответственный ООФиК/Волкова
t Тип документа m
901 Тип документа __
a Ответственный 7 партия
903 Характеристики (МАРС) __
a Дата передачи 20260604
c Наименование библиотеки (МАРС) Муниципальное бюджетное учреждение культуры "Централизованная библиотечная система" г. Сургут (Центральная городская библиотека им. А. С. Пушкина)
969 Тип издания __
a Тип издания популярное издание
a Тип издания Ф 26
990 Данные о заказе (DOS) __
j Количество экземпляров (DOS) 1
t N записи в КСУ для И/У (DOS) 202607